[Event "Alekhine U1400"]
[Site "Gatineau CAN"]
[Date "2023.02.21"]
[Round "6"]
[White "Simard, Paul"]
[Black "Poitras, Sylvain"]
[Result "0-1"]
[WhiteElo "1268"]
[BlackElo "1308"]
[PlyCount "152"]
[EventDate "2023.01.17"]
[EventType "swiss"]
[EventRounds "7"]
[EventCountry "CAN"]
[TimeControl "60+30"]

1. d4 b6 2. Bf4 Bb7 3. Nf3 e6 4. e3 f5 5. h3 Nf6 6. Nbd2 Bd6 7. Bxd6 cxd6 8.
Bc4 Nc6 9. a3 Ne7 10. O-O O-O 11. c3 Qc7 12. Bb3 d5 13. Ne5 b5 14. Ndf3 h6 15.
Bc2 Ne4 16. Qe2 d6 17. Nd3 a5 18. Nf4 Qd7 19. Qd1 Ng5 20. Nh4 e5 21. Nh5 Ne4
22. Ng3 f4 23. Nxe4 dxe4 24. Qh5 Nf5 25. Bb3+ d5 26. Ng6 Qf7 27. Bd1 f3 28.
gxf3 Ne7 29. Nxe7+ Qxe7 30. fxe4 exd4 31. Bb3 Kh8 32. cxd4 Qxe4 33. Qg4 Qf5 34.
Bd1 Rf6 35. Qxf5 Rxf5 36. Bg4 Rf6 37. Rac1 Rg6 38. Kh2 Rf8 39. Rc5 Bc6 40. Kg2
h5 41. Rxc6 Rxc6 42. Be2 b4 43. axb4 axb4 44. Bb5 Rc2 45. b3 Rb2 46. Ba4 Rc8
47. Kg3 g5 48. h4 gxh4+ 49. Kxh4 Rg8 50. Bc6 Rc2 51. Bxd5 Rg4+ 52. Kxh5 Rg7 53.
Be4 Rc8 54. Bg6 Rc6 55. Rg1 Rf6 56. f4 Rf5+ 57. Rg5 Rf6 58. f5 Rgxg6 59. fxg6
Kg7 60. e4 Rf4 61. Re5 Rf3 62. Re7+ Kg8 63. Kg5 Rxb3 64. Kf6 Rf3+ 65. Ke6 Rf4
66. Kd5 Rf6 67. Kc4 Rb6 68. Re5 b3 69. d5 b2 70. Re8+ Kg7 71. Re7+ Kxg6 72.
Re6+ Rxe6 73. dxe6 Kf6 74. Kc3 b1=Q 75. Kd4 Kxe6 76. e5 Qb2+ 0-1

[Event "Alekhine U1400"]
[Site "Gatineau CAN"]
[Date "2023.02.21"]
[Round "6"]
[White "Vezina, Maxime"]
[Black "Chenard, Paul"]
[Result "1-0"]
[WhiteElo "900"]
[BlackElo "905"]
[PlyCount "33"]
[EventDate "2023.01.17"]
[EventType "swiss"]
[EventRounds "7"]
[EventCountry "CAN"]
[TimeControl "60+30"]

1. e4 e5 2. Nf3 Nc6 3. Bc4 Bc5 4. O-O Nf6 5. h3 d5 6. exd5 e4 7. dxc6 bxc6 8.
Ne5 Qd4 9. Na3 Qxe5 10. d4 Bxd4 11. Be3 Bb6 12. Bxb6 axb6 13. g4 Qxb2 14. Qc1
Qd4 15. Rd1 Qe5 16. Qd2 Rf8 17. Qd8# 1-0

[Event "Alekhine U1400"]
[Site "Gatineau CAN"]
[Date "2023.02.28"]
[Round "7"]
[White "Bolduc, Christian"]
[Black "Roy, Dominique"]
[Result "1/2-1/2"]
[WhiteElo "1332"]
[BlackElo "1100"]
[PlyCount "120"]
[EventDate "2023.01.17"]
[EventType "swiss"]
[EventRounds "7"]
[EventCountry "CAN"]
[TimeControl "60+30"]

1. d4 e6 2. e4 d5 3. e5 a6 4. Nf3 Nc6 5. Nc3 Bb4 6. Bd2 Nge7 7. a3 Ba5 8. Bd3
Nf5 9. Bxf5 exf5 10. O-O Be6 11. Ng5 Qe7 12. Nxe6 Qxe6 13. b4 Bb6 14. Na4 Bxd4
15. c3 Bxe5 16. Re1 O-O 17. Nc5 Qc8 18. f4 Bf6 19. Qf3 Rd8 20. Rab1 b6 21. Nb3
d4 22. Qxc6 d3 23. Re3 Rd6 24. Qf3 Qd8 25. Rbe1 Re6 26. Rxe6 fxe6 27. Rxe6 Ra7
28. Qe3 Kf7 29. Rc6 Qd7 30. Qf3 Qe8 31. Qh5+ g6 32. Qxh7+ Bg7 33. Qxg6+ Kf8 34.
Qxf5+ Kg8 35. Qd5+ Kh8 36. Nc1 a5 37. b5 Qc8 38. Nxd3 Qg4 39. Qd8+ Kh7 40. Nf2
Qf5 41. h3 Qb1+ 42. Kh2 Qxb5 43. Qh4+ Kg8 44. Rg6 c5 45. Qg4 Qb2 46. Ne4 Rf7
47. Nd6 Qxd2 48. Nxf7 Kxf7 49. Rxg7+ Ke8 50. Rg8+ Ke7 51. Rg7+ Kd8 52. Qg5+ Kc8
53. Rg8+ Kb7 54. Qh5 Qxf4+ 55. Kg1 Qc1+ 56. Kh2 Qxc3 57. Qf7+ Ka6 58. Qd7 Qe5+
59. Kh1 Qe4 60. Ra8+ Qxa8 1/2-1/2

[Event "Alekhine U1400"]
[Site "Gatineau CAN"]
[Date "2023.02.28"]
[Round "7"]
[White "Chartrand, Alexis"]
[Black "Simard, Paul"]
[Result "0-1"]
[WhiteElo "1144"]
[BlackElo "1268"]
[PlyCount "76"]
[EventDate "2023.01.17"]
[EventType "swiss"]
[EventRounds "7"]
[EventCountry "CAN"]
[TimeControl "60+30"]

1. d4 d5 2. c4 c6 3. Nf3 Bf5 4. Nc3 e6 5. Bf4 Nf6 6. e3 Bd6 7. Bxd6 Qxd6 8. c5
Qc7 9. Bd3 Bxd3 10. Qxd3 Nbd7 11. O-O O-O 12. e4 dxe4 13. Nxe4 h6 14. Nxf6+
Nxf6 15. b4 b5 16. cxb6 axb6 17. Rfc1 b5 18. Ne5 Ra6 19. a4 Rxa4 20. Rxa4 bxa4
21. Qa6 Nd5 22. Qxa4 Qb7 23. Nxc6 Ra8 24. Qb3 Qa6 25. h3 Qb6 26. b5 Nf4 27.
Ne7+ Kh8 28. Rc8+ Rxc8 29. Nxc8 Qxd4 30. b6 Ne2+ 31. Kh2 Qxf2 32. Qd1 Qf4+ 33.
Kh1 Ng3+ 34. Kg1 Qb8 35. Qb3 Ne2+ 36. Kh1 Qxc8 37. Qb5 Qc1+ 38. Kh2 Qg1# 0-1

[Event "Alekhine U1400"]
[Site "Gatineau CAN"]
[Date "2023.02.28"]
[Round "7"]
[White "Chenard, Paul"]
[Black "Gagne, Learry"]
[Result "0-1"]
[WhiteElo "905"]
[BlackElo "1123"]
[PlyCount "76"]
[EventDate "2023.01.17"]
[EventType "swiss"]
[EventRounds "7"]
[EventCountry "CAN"]
[TimeControl "60+30"]

1. e4 e6 2. Nf3 d5 3. Nc3 c5 4. exd5 exd5 5. Qe2+ Be7 6. Ne5 a6 7. g4 Nc6 8.
Qf3 Nxe5 9. Qg3 Nc6 10. Qe3 d4 11. Qe4 dxc3 12. dxc3 Nf6 13. Qe3 O-O 14. Be2
Re8 15. O-O Bxg4 16. Rd1 Qc7 17. f3 Bh5 18. b4 Bd6 19. Qf2 cxb4 20. Bd2 b6 21.
Kg2 Bc5 22. Qf1 a5 23. a3 bxa3 24. Re1 Rad8 25. Rad1 Bg6 26. f4 Ne4 27. Be3
Bxe3 28. Rxd8 Rxd8 29. Qf3 Qxf4 30. Qxf4 Bxf4 31. Bc4 Ne5 32. Re2 Rd2 33. Kf1
Rxe2 34. Kxe2 Nxc4 35. Kd3 Ncd6 36. h3 a2 37. Kd4 a1=Q 38. Kd3 Qd1# 0-1

[Event "Alekhine U1400"]
[Site "Gatineau CAN"]
[Date "2023.02.28"]
[Round "7"]
[White "De Carufel-Lebeau, Lucas"]
[Black "Deschenes, Ryan"]
[Result "1-0"]
[WhiteElo "1266"]
[BlackElo "1000"]
[PlyCount "83"]
[EventDate "2023.01.17"]
[EventType "swiss"]
[EventRounds "7"]
[EventCountry "CAN"]
[TimeControl "60+30"]

1. e4 d5 2. exd5 Qxd5 3. Nc3 Qe5+ 4. Qe2 Qa5 5. Qb5+ Nc6 6. Nd5 Bf5 7. Qxa5
Nxa5 8. Nxc7+ Kd8 9. Nxa8 Nc4 10. Bxc4 Bxc2 11. d3 e5 12. Bxf7 Bb4+ 13. Bd2
Bxd2+ 14. Kxd2 Ba4 15. Rc1 Bc6 16. f3 Nf6 17. Ne2 Ke7 18. Bb3 Rxa8 19. d4 e4
20. Nf4 Rd8 21. Ke3 g5 22. Nh3 g4 23. Ng5 exf3 24. gxf3 Nd5+ 25. Bxd5 Bxd5 26.
Rc7+ Kf6 27. Nxh7+ Kg6 28. Rg1 Kf5 29. fxg4+ Ke6 30. g5 Kd6 31. Rg7 Bxa2 32.
Rxb7 Bd5 33. Rxa7 Re8+ 34. Kd3 Be4+ 35. Kd2 Bxh7 36. Rxh7 Re4 37. Kd3 Kd5 38.
g6 Rxd4+ 39. Kc3 Rc4+ 40. Kb3 Kd4 41. Rg4+ Kd3 42. Rxc4 1-0

[Event "Alekhine U1400"]
[Site "Gatineau CAN"]
[Date "2023.02.28"]
[Round "7"]
[White "Deschenes, Stephane"]
[Black "Vachon, Jean-Clement"]
[Result "0-1"]
[WhiteElo "1000"]
[BlackElo "1190"]
[PlyCount "54"]
[EventDate "2023.01.17"]
[EventType "swiss"]
[EventRounds "7"]
[EventCountry "CAN"]
[TimeControl "60+30"]

1. e4 d5 2. f4 dxe4 3. Nc3 Nf6 4. b3 Bf5 5. d3 e6 6. Bb2 Bd6 7. g3 O-O 8. Nge2
e5 9. d4 exf4 10. gxf4 c6 11. Qd2 Nd5 12. O-O-O Qc7 13. Bg2 Nxf4 14. Rhg1 Nxe2+
15. Nxe2 Re8 16. Ng3 Bf4 17. Rgf1 Bxd2+ 18. Rxd2 e3 19. Re2 Bg4 20. Rxe3 Rxe3
21. Kb1 Na6 22. Bc1 Be2 23. Nxe2 Rxe2 24. Bf4 Qe7 25. Rc1 Rxg2 26. h3 Qe4 27.
Rf1 Qxc2+ 0-1

[Event "Alekhine U1400"]
[Site "Gatineau CAN"]
[Date "2023.02.28"]
[Round "7"]
[White "Filion, Samuel"]
[Black "Laflamme, Mathieu"]
[Result "1-0"]
[WhiteElo "1118"]
[BlackElo "1230"]
[PlyCount "55"]
[EventDate "2023.01.17"]
[EventType "swiss"]
[EventRounds "7"]
[EventCountry "CAN"]

1. e4 c6 2. Nf3 d5 3. exd5 cxd5 4. Bb5+ Nc6 5. Bxc6+ bxc6 6. d4 Bg4 7. Bf4 Qb6
8. b3 Bxf3 9. gxf3 e6 10. O-O c5 11. c3 cxd4 12. Qxd4 Qxd4 13. cxd4 Rc8 14. Nd2
Rc2 15. Rfc1 Rxc1+ 16. Rxc1 Kd7 17. Rc7+ Ke8 18. Rxa7 Be7 19. a3 h5 20. b4 g5
21. Be5 f6 22. Bc7 Kf7 23. Bd6 Rh7 24. Bxe7 Nxe7 25. b5 Ke8 26. Nb3 Kd8 27. Nc5
Kc8 28. Nxe6 1-0

[Event "Alekhine U1400"]
[Site "Gatineau CAN"]
[Date "2023.02.28"]
[Round "7"]
[White "Gratton, Constant"]
[Black "Arcand, Pierre"]
[Result "1-0"]
[WhiteElo "1233"]
[BlackElo "1165"]
[PlyCount "65"]
[EventDate "2023.01.17"]
[EventType "swiss"]
[EventRounds "7"]
[EventCountry "CAN"]

1. e4 e5 2. Nf3 Nc6 3. Bb5 d6 4. c3 Bd7 5. Bxc6 Bxc6 6. d3 Nf6 7. b4 Be7 8. Be3
O-O 9. O-O h6 10. a3 Bd7 11. h3 Nh7 12. d4 exd4 13. Bxd4 Bf6 14. e5 dxe5 15.
Bxe5 Re8 16. Re1 Bxe5 17. Nxe5 Bf5 18. Qf3 Qf6 19. Qxb7 Bxb1 20. Raxb1 Rec8 21.
Rbd1 Ng5 22. h4 Ne6 23. Rd7 Rcb8 24. Qd5 Rf8 25. Qc4 Qf4 26. Qd5 Qf6 27. Rxf7
Rad8 28. Rxf6 Rxd5 29. Rxe6 Rf5 30. Nf3 Rf7 31. Re7 Rd3 32. Rxf7 Kxf7 33. Ne5+
1-0

[Event "Alekhine U1400"]
[Site "Gatineau CAN"]
[Date "2023.02.28"]
[Round "7"]
[White "Paradis, Emile"]
[Black "Poitras, Sylvain"]
[Result "0-1"]
[WhiteElo "1432"]
[BlackElo "1308"]
[PlyCount "54"]
[EventDate "2023.01.17"]
[EventType "swiss"]
[EventRounds "7"]
[EventCountry "CAN"]
[TimeControl "60+30"]

1. e4 e6 2. d4 b6 3. Bf4 Bb7 4. Nd2 Nf6 5. e5 Nd5 6. Bg3 c5 7. c4 Ne7 8. dxc5
bxc5 9. Ngf3 Ng6 10. Qb3 Qc7 11. Bd3 Be7 12. Ne4 O-O 13. Nd6 Bxf3 14. Bxg6 fxg6
15. gxf3 Nc6 16. O-O-O Nd4 17. Qd3 Rxf3 18. Qe4 Raf8 19. b4 Bg5+ 20. Kb1 Qb6
21. b5 Qa5 22. Qe1 Qa4 23. Qe4 Qb4+ 24. Ka1 Nb3+ 25. axb3 Qa3+ 26. Kb1 Rxb3+
27. Kc2 Qa2# 0-1

[Event "Aurora Spring op"]
[Site "Newmarket CAN"]
[Date "2023.03.25"]
[Round "1"]
[White "Bora, Safal"]
[Black "Abrahams, Daniel"]
[Result "1-0"]
[WhiteElo "2461"]
[BlackElo "2101"]
[PlyCount "123"]
[EventDate "2023.03.25"]
[EventType "swiss"]
[EventRounds "5"]
[EventCountry "CAN"]

1. Nf3 e6 2. g3 b5 3. Bg2 Bb7 4. d4 c5 5. c3 Nf6 6. Bg5 cxd4 7. cxd4 Qa5+ 8.
Nbd2 Ne4 9. Be3 Nxd2 10. Bxd2 Bb4 11. O-O Bxd2 12. Nxd2 Bxg2 13. Kxg2 O-O 14.
Nb3 Qb6 15. Qd2 Rc8 16. d5 Na6 17. Rac1 Rc4 18. Rxc4 bxc4 19. Na5 Rc8 20. Rc1
Qb5 21. dxe6 fxe6 22. b3 d5 23. bxc4 dxc4 24. Qd6 Qd5+ 25. Qxd5 exd5 26. e4 Rc5
27. Nb7 Rc7 28. Nd6 Rc6 29. Nf5 Kf8 30. exd5 Rc5 31. Ne3 c3 32. a3 Nc7 33. Rd1
Ke8 34. d6 Ne6 35. d7+ Kd8 36. Nc2 Nf8 37. Kf3 Nxd7 38. Ke4 Ke7 39. f4 g5 40.
fxg5 Rxg5 41. Kd4 Nf6 42. Re1+ Kd6 43. Ne3 c2 44. Rc1 Rb5 45. Rxc2 Rb3 46. Nc4+
Ke6 47. Re2+ Kf7 48. a4 h5 49. Ne5+ Kg7 50. Rc2 a5 51. Nd3 Ra3 52. Nc5 Ng4 53.
Re2 Ra1 54. Kc4 Rb1 55. Nb3 Rh1 56. h4 Rg1 57. Nxa5 Rxg3 58. Nc6 Rh3 59. a5
Rxh4 60. Kb5 Rh1 61. a6 Ra1 62. a7 1-0

[Event "Aurora Spring op"]
[Site "Newmarket CAN"]
[Date "2023.03.25"]
[Round "1"]
[White "Moon, Ethan"]
[Black "Reprintsev, Alexander"]
[Result "0-1"]
[WhiteElo "1698"]
[BlackElo "2279"]
[PlyCount "94"]
[EventDate "2023.03.25"]
[EventType "swiss"]
[EventRounds "5"]
[EventCountry "CAN"]

1. e4 e5 2. Nc3 Nf6 3. f4 d5 4. fxe5 Nxe4 5. Qf3 Nc6 6. Bb5 Nxc3 7. dxc3 Qh4+
8. g3 Qe4+ 9. Qxe4 dxe4 10. Bxc6+ bxc6 11. Be3 Bg4 12. h3 Be6 13. Ne2 O-O-O 14.
Nd4 Bd7 15. Nb3 Re8 16. Bd4 a5 17. a4 c5 18. Nxc5 Bxc5 19. Bxc5 Rxe5 20. Be3
Rf5 21. h4 Rf3 22. Bf4 h6 23. Rf1 Rxf1+ 24. Kxf1 g5 25. Be3 gxh4 26. gxh4 Rg8
27. Bxh6 Rg4 28. Kf2 Rxh4 29. Bg5 Rh2+ 30. Ke3 f5 31. Rc1 Bxa4 32. b4 Bxc2 33.
bxa5 Bd3 34. Kf4 Rf2+ 35. Ke5 Kb7 36. Bf4 Ka6 37. Rd1 Ra2 38. Kxf5 Rxa5+ 39.
Be5 c5 40. Kf4 Ra2 41. Re1 Rf2+ 42. Ke3 Rf3+ 43. Kd2 Kb5 44. Ra1 Kc4 45. Ra4+
Kd5 46. Bg7 Bc4 47. Ra5 e3+ 0-1

[Event "Aurora Spring op"]
[Site "Newmarket CAN"]
[Date "2023.03.25"]
[Round "1"]
[White "Qiao, Cindy"]
[Black "Hua, Eugene"]
[Result "0-1"]
[WhiteElo "1794"]
[BlackElo "2276"]
[PlyCount "150"]
[EventDate "2023.03.25"]
[EventType "swiss"]
[EventRounds "5"]
[EventCountry "CAN"]

1. d4 Nf6 2. Bf4 g6 3. Nc3 d5 4. Nb5 Na6 5. e3 c6 6. Nc3 Nb8 7. Nf3 Bg7 8. h3
O-O 9. Be2 Nbd7 10. O-O b6 11. a4 a5 12. Re1 Bb7 13. Ne5 Nxe5 14. Bxe5 Nd7 15.
Bxg7 Kxg7 16. e4 e6 17. Bf3 Qg5 18. Re3 h5 19. Qe1 h4 20. exd5 cxd5 21. Nb5 Qf4
22. Rd1 Rac8 23. c3 Ba6 24. Be2 Bxb5 25. Bxb5 Nf6 26. Bd3 Nh7 27. Re5 Ng5 28.
Qe3 Qxe3 29. Rxe3 Rc7 30. Rde1 Rh8 31. Kf1 Nh7 32. Ke2 Nf6 33. Kd2 Ne8 34. Re5
Nd6 35. f3 Kf6 36. R1e2 Rcc8 37. Re1 Rcg8 38. R1e2 Ne8 39. Bb5 Ng7 40. Bd3 Nh5
41. Re1 Nf4 42. Bf1 Ke7 43. Rc1 Rc8 44. Ree1 Kd6 45. Ke3 g5 46. Kf2 Rhe8 47.
Bb5 Re7 48. Kg1 f6 49. Rcd1 e5 50. dxe5+ fxe5 51. Rd2 Kc5 52. Bf1 Rce8 53. Bb5
Rd8 54. Kf2 Kd6 55. Bf1 Ke6 56. Rc1 Kf6 57. Re1 Ne6 58. Bb5 Nf4 59. Bf1 Re6 60.
Bb5 Red6 61. Red1 d4 62. cxd4 Rxd4 63. Rxd4 Rxd4 64. Rxd4 exd4 65. Bf1 Ke5 66.
Ke1 Nd5 67. Bd3 Ne3 68. Kf2 Nd1+ 69. Ke2 Nxb2 70. Bb5 Kd5 71. Kf2 Nd1+ 72. Ke1
Ne3 73. Kf2 Ke5 74. g3 Nd1+ 75. Kg2 Nb2 0-1

[Event "Aurora Spring op"]
[Site "Newmarket CAN"]
[Date "2023.03.25"]
[Round "1"]
[White "Xu, Daniel"]
[Black "Zhao, Jeffrey R"]
[Result "1-0"]
[WhiteElo "2228"]
[BlackElo "1860"]
[PlyCount "97"]
[EventDate "2023.03.25"]
[EventType "swiss"]
[EventRounds "5"]
[EventCountry "CAN"]

1. e4 c5 2. Nf3 d6 3. d4 cxd4 4. Nxd4 Nf6 5. Nc3 a6 6. f3 e5 7. Nb3 Be6 8. Be3
Be7 9. Qd2 Nbd7 10. O-O-O O-O 11. g4 b5 12. g5 b4 13. Ne2 Ne8 14. f4 a5 15. f5
a4 16. Nbd4 exd4 17. Nxd4 b3 18. Kb1 bxc2+ 19. Nxc2 Bb3 20. axb3 axb3 21. Na3
Ne5 22. h4 Ra4 23. Rh3 Qa8 24. Qd5 Rxa3 25. bxa3 Qxa3 26. Rd2 Nc7 27. Qb7 Qa5
28. Qb6 Qc3 29. Qd4 Qa5 30. Qa1 Qb4 31. Rd4 Qb7 32. Qc3 Rc8 33. Rb4 Qa8 34.
Qxb3 d5 35. Ra4 Qc6 36. Bd4 Nc4 37. Bxc4 dxc4 38. Rxc4 Qxe4+ 39. Qd3 Rb8+ 40.
Bb2 Qe5 41. Rc2 Qe1+ 42. Rc1 Qb4 43. Qc3 Qe4+ 44. Rc2 Ne8 45. Re3 Qh1+ 46. Rc1
Qb7 47. Rce1 Qd5 48. Rxe7 Qxf5+ 49. Qc2 1-0

[Event "Aurora Spring op"]
[Site "Newmarket CAN"]
[Date "2023.03.25"]
[Round "1"]
[White "Zhong, Ryan Yunhui"]
[Black "Rusonik, Max"]
[Result "0-1"]
[WhiteElo "1636"]
[BlackElo "2173"]
[PlyCount "68"]
[EventDate "2023.03.25"]
[EventType "swiss"]
[EventRounds "5"]
[EventCountry "CAN"]

1. e4 e5 2. Nf3 Nc6 3. d4 exd4 4. Nxd4 Nf6 5. Nc3 Bb4 6. Nxc6 bxc6 7. Bd3 d6 8.
O-O Ng4 9. h3 Ne5 10. Be2 Qh4 11. Kh2 h5 12. Be3 Ng4+ 13. Bxg4 hxg4 14. Qd4 Bc5
15. Qa4 Bd7 16. Bxc5 dxc5 17. Rad1 Qf6 18. f4 gxh3 19. g3 Rb8 20. Qa3 Bg4 21.
Qxa7 O-O 22. Rb1 Rxb2 23. Rxb2 Qxc3 24. Rf2 Qxb2 25. Qxc5 Qxa2 26. Qxc6 Qa7 27.
Rd2 Qe3 28. Qd5 Qe1 29. Qd3 Bf3 30. g4 Qh1+ 31. Kg3 Qg1+ 32. Kxh3 Qxg4+ 33. Kh2
Qxf4+ 34. Kg1 Bxe4 0-1

[Event "Aurora Spring op"]
[Site "Newmarket CAN"]
[Date "2023.03.25"]
[Round "2"]
[White "Abrahams, Daniel"]
[Black "Qiao, Cindy"]
[Result "0-1"]
[WhiteElo "2101"]
[BlackElo "1794"]
[PlyCount "44"]
[EventDate "2023.03.25"]
[EventType "swiss"]
[EventRounds "5"]
[EventCountry "CAN"]

1. c4 e5 2. Nc3 Nf6 3. Nf3 Nc6 4. e3 d5 5. cxd5 Nxd5 6. Bb5 Nxc3 7. bxc3 Bd7 8.
d4 exd4 9. cxd4 Bb4+ 10. Bd2 Qe7 11. Rb1 Bxd2+ 12. Qxd2 O-O 13. O-O a6 14. Bd3
b5 15. Rfc1 Rfc8 16. Rc5 Nd8 17. Qc2 h6 18. Rxc7 Qa3 19. Ne5 Be6 20. Bh7+ Kh8
21. Be4 Rxc7 22. Qxc7 Rc8 0-1

[Event "Aurora Spring op"]
[Site "Newmarket CAN"]
[Date "2023.03.25"]
[Round "2"]
[White "Hua, Eugene"]
[Black "Bora, Safal"]
[Result "0-1"]
[WhiteElo "2276"]
[BlackElo "2461"]
[PlyCount "84"]
[EventDate "2023.03.25"]
[EventType "swiss"]
[EventRounds "5"]
[EventCountry "CAN"]

1. d4 Nf6 2. Nf3 d5 3. c4 e6 4. g3 Bb4+ 5. Bd2 Be7 6. Bg2 O-O 7. O-O c6 8. Qc2
Nbd7 9. Nc3 dxc4 10. e4 b5 11. e5 Nd5 12. Ne4 a5 13. Neg5 g6 14. Qe4 Kg7 15.
Qh4 Rh8 16. Qe4 h6 17. Nh3 c5 18. a4 b4 19. Be3 Bb7 20. Rfd1 Qc7 21. dxc5 Nc3
22. Qxc4 Nxd1 23. Rxd1 Bxf3 24. Bxf3 Nxe5 25. Bd4 Rad8 26. Re1 Bf6 27. Bxe5
Bxe5 28. Qe2 Bd4 29. c6 e5 30. g4 Rd6 31. Be4 Rxc6 32. Bxc6 Qxc6 33. b3 Qc3 34.
Kg2 Qxb3 35. Qb5 Qc3 36. Rd1 Qc5 37. Qxc5 Bxc5 38. Kf3 b3 39. Ke4 b2 40. Kxe5
Re8+ 41. Kf4 Ba3 42. Ng1 Rc8 0-1

[Event "Aurora Spring op"]
[Site "Newmarket CAN"]
[Date "2023.03.25"]
[Round "2"]
[White "Huang, Youhe"]
[Black "Xu, Daniel"]
[Result "0-1"]
[WhiteElo "2070"]
[BlackElo "2228"]
[PlyCount "82"]
[EventDate "2023.03.25"]
[EventType "swiss"]
[EventRounds "5"]
[EventCountry "CAN"]

1. b3 Nf6 2. Bb2 g6 3. g3 Bg7 4. Bg2 O-O 5. c4 d6 6. d4 Nc6 7. Nf3 a6 8. O-O
Rb8 9. Nbd2 b5 10. cxb5 axb5 11. Rc1 Bd7 12. Ne1 Na5 13. Qc2 c6 14. b4 Nb7 15.
Nd3 Qb6 16. Qb1 Rfc8 17. Rc2 d5 18. Qd1 Bf5 19. Rc1 Ra8 20. a3 Nd7 21. Nc5
Nbxc5 22. dxc5 Qc7 23. Bxg7 Kxg7 24. Qb3 Nf6 25. Ra1 Ra4 26. Qb2 Kg8 27. Nb3
Nd7 28. f4 e5 29. Nd2 Re8 30. e4 dxe4 31. Bxe4 Bh3 32. Rfe1 exf4 33. Bxc6 Rxe1+
34. Rxe1 Qxc6 35. Re8+ Nf8 36. Ne4 Ra6 37. Qe5 Bd7 38. Rd8 Qe6 39. Qxf4 Kg7 40.
Ng5 Qe1+ 41. Kg2 Rf6 0-1

[Event "Aurora Spring op"]
[Site "Newmarket CAN"]
[Date "2023.03.25"]
[Round "2"]
[White "Huh, Isaak"]
[Black "Moon, Ethan"]
[Result "1-0"]
[WhiteElo "1801"]
[BlackElo "1698"]
[PlyCount "41"]
[EventDate "2023.03.25"]
[EventType "swiss"]
[EventRounds "5"]
[EventCountry "CAN"]

1. e4 c5 2. Nf3 e6 3. c3 d5 4. exd5 Qxd5 5. d4 Nf6 6. Na3 a6 7. Nc4 Qd8 8. Nce5
Be7 9. Bd3 O-O 10. O-O b5 11. a4 cxd4 12. cxd4 b4 13. Bf4 Bb7 14. Qe2 Nc6 15.
Rad1 Qb6 16. Rfe1 Nxe5 17. dxe5 Nd5 18. Bg5 Bxg5 19. Bxh7+ Kh8 20. Nxg5 g6 21.
Qg4 1-0

[Event "Aurora Spring op"]
[Site "Newmarket CAN"]
[Date "2023.03.25"]
[Round "2"]
[White "Yang, Lefan"]
[Black "Zhong, Ryan Yunhui"]
[Result "1-0"]
[WhiteElo "1745"]
[BlackElo "1636"]
[PlyCount "89"]
[EventDate "2023.03.25"]
[EventType "swiss"]
[EventRounds "5"]
[EventCountry "CAN"]

1. d4 d5 2. c4 dxc4 3. e3 Nf6 4. Bxc4 a6 5. a3 e6 6. Nf3 b5 7. Ba2 Bb7 8. O-O
Nbd7 9. Nc3 c5 10. Re1 Be7 11. e4 b4 12. axb4 cxb4 13. e5 bxc3 14. exf6 Bxf6
15. bxc3 O-O 16. Ba3 Re8 17. Nd2 Nb6 18. Ne4 Bxe4 19. Rxe4 Rc8 20. Bb4 Be7 21.
Bxe7 Rxe7 22. Re3 Rec7 23. Qd2 a5 24. f4 Nc4 25. Bxc4 Rxc4 26. Rd3 Qd5 27. Qe3
a4 28. Qe5 Qb7 29. d5 exd5 30. Rxd5 Qb6+ 31. Kf1 f6 32. Qf5 Qe3 33. Rd4 R4c5
34. Qd7 a3 35. Re1 a2 36. Rxe3 a1=Q+ 37. Re1 Qa6+ 38. Kf2 Qa2+ 39. Rd2 Qf7 40.
Re7 Qf8 41. Rde2 Rd8 42. Rxg7+ Kh8 43. Rxh7+ Kg8 44. Qh3 Rg5 45. Rh8+ 1-0

[Event "Aurora Spring op"]
[Site "Newmarket CAN"]
[Date "2023.03.25"]
[Round "3"]
[White "Bora, Safal"]
[Black "Xu, Daniel"]
[Result "1-0"]
[WhiteElo "2461"]
[BlackElo "2228"]
[PlyCount "95"]
[EventDate "2023.03.25"]
[EventType "swiss"]
[EventRounds "5"]
[EventCountry "CAN"]

1. Nf3 Nf6 2. c4 g6 3. g3 Bg7 4. Bg2 O-O 5. O-O d6 6. d4 Nc6 7. Nc3 a6 8. d5
Na5 9. b3 c5 10. dxc6 bxc6 11. Bg5 h6 12. Be3 c5 13. Rc1 Bd7 14. h3 Nc6 15. Qd2
Kh7 16. Nd5 Nxd5 17. cxd5 Na5 18. h4 Bf5 19. b4 cxb4 20. Nd4 Bd7 21. Qxb4 Rb8
22. Qa3 Bb5 23. Nxb5 axb5 24. h5 Nc4 25. Qd3 Qa5 26. hxg6+ fxg6 27. Be4 Ne5 28.
Qb1 Qa3 29. Bf4 Rf6 30. Bxe5 dxe5 31. Rc6 Rbf8 32. Bxg6+ Kh8 33. Kg2 Qa7 34.
Rxf6 Bxf6 35. Qxb5 Qxa2 36. Bb1 Qd2 37. Bd3 Qc3 38. Rh1 Kg7 39. Qd7 Qc8 40. Qa4
Qe8 41. Qe4 Rh8 42. Qg4+ Kf8 43. Rc1 h5 44. Qf5 Kg7 45. d6 exd6 46. Rc7+ Be7
47. Qe6 Kf8 48. Bg6 1-0

[Event "Aurora Spring op"]
[Site "Newmarket CAN"]
[Date "2023.03.25"]
[Round "3"]
[White "Mao, Fengxi"]
[Black "Hua, Eugene"]
[Result "1/2-1/2"]
[WhiteElo "1987"]
[BlackElo "2276"]
[PlyCount "119"]
[EventDate "2023.03.25"]
[EventType "swiss"]
[EventRounds "5"]
[EventCountry "CAN"]

1. b3 Nf6 2. Bb2 g6 3. Bxf6 exf6 4. e3 d5 5. d4 Bd6 6. g3 O-O 7. Bg2 c6 8. Ne2
Be6 9. O-O Qd7 10. Nd2 Bh3 11. Bxh3 Qxh3 12. c4 dxc4 13. Nxc4 Bc7 14. Nc3 Nd7
15. Rc1 Rad8 16. Qf3 Kg7 17. Rfd1 h5 18. d5 Ne5 19. Nxe5 Bxe5 20. dxc6 bxc6 21.
Ne2 h4 22. Qxc6 Qg4 23. Nd4 Rh8 24. Qg2 h3 25. Qf1 Bxd4 26. exd4 Rxd4 27. f3
Qd7 28. Rxd4 Qxd4+ 29. Qf2 Qd3 30. Re1 Rc8 31. Qe2 Qd4+ 32. Qf2 Qd5 33. g4 Rc3
34. Rf1 Qd3 35. Qg3 Rc2 36. Qxh3 Rxa2 37. Qg3 Qxb3 38. h4 Qe3+ 39. Kh1 Qe2 40.
Re1 Qb2 41. g5 Ra1 42. Rxa1 Qxa1+ 43. Kg2 Qb2+ 44. Kh3 Qe5 45. f4 Qf5+ 46. Kg2
a5 47. Qe3 Qg4+ 48. Kf1 Qxh4 49. Qd4 Qh3+ 50. Kf2 Qf5 51. Kg3 Qe6 52. Qa1 Qe3+
53. Kg4 Qb6 54. gxf6+ Qxf6 55. Qxa5 Qe6+ 56. Kh4 Qe4 57. Qc3+ f6 58. Kg3 Kf7
59. Qc7+ Ke6 60. Qc8+ 1/2-1/2

[Event "Aurora Spring op"]
[Site "Newmarket CAN"]
[Date "2023.03.25"]
[Round "3"]
[White "Qiao, Cindy"]
[Black "Reprintsev, Alexander"]
[Result "0-1"]
[WhiteElo "1794"]
[BlackElo "2279"]
[PlyCount "48"]
[EventDate "2023.03.25"]
[EventType "swiss"]
[EventRounds "5"]
[EventCountry "CAN"]

1. d4 d5 2. Bf4 Nf6 3. e3 c5 4. c3 Qb6 5. Qc2 g6 6. Nf3 Bg7 7. Be2 O-O 8. O-O
Bf5 9. dxc5 Qxc5 10. Qd1 Nc6 11. Nbd2 Nh5 12. Nb3 Qb6 13. Qxd5 Nxf4 14. exf4
Rfd8 15. Qc5 Qc7 16. g3 b6 17. Qe3 Re8 18. Rad1 e5 19. fxe5 Nxe5 20. Nxe5 Rxe5
21. Qd2 Bh3 22. Bf3 Rae8 23. Rfe1 Bh6 24. Rxe5 Qxe5 0-1

[Event "Aurora Spring op"]
[Site "Newmarket CAN"]
[Date "2023.03.26"]
[Round "4"]
[White "Hua, Eugene"]
[Black "Yang, Lefan"]
[Result "1-0"]
[WhiteElo "2276"]
[BlackElo "1745"]
[PlyCount "55"]
[EventDate "2023.03.25"]
[EventType "swiss"]
[EventRounds "5"]
[EventCountry "CAN"]

1. c4 e6 2. g3 f5 3. Bg2 Nf6 4. Nc3 d5 5. d4 c6 6. Nh3 Ne4 7. O-O Be7 8. f3
Nxc3 9. bxc3 dxc4 10. e4 O-O 11. Qe2 b5 12. Nf4 e5 13. dxe5 fxe4 14. Be3 g5 15.
Rad1 Qe8 16. fxe4 gxf4 17. gxf4 Nd7 18. e6 Nc5 19. f5 Nxe6 20. fxe6 Bxe6 21.
Kh1 Bf6 22. Rg1 Kh8 23. e5 Bg7 24. Rd6 Rd8 25. Rxc6 Bd5 26. Bxd5 Rxd5 27. Qg2
Qxe5 28. Re6 1-0

[Event "Aurora Spring op"]
[Site "Newmarket CAN"]
[Date "2023.03.26"]
[Round "4"]
[White "Reprintsev, Alexander"]
[Black "Rusonik, Max"]
[Result "0-1"]
[WhiteElo "2279"]
[BlackElo "2173"]
[PlyCount "64"]
[EventDate "2023.03.25"]
[EventType "swiss"]
[EventRounds "5"]
[EventCountry "CAN"]

1. e4 c5 2. g3 d5 3. exd5 Qxd5 4. Nf3 Bg4 5. Bg2 Qe6+ 6. Kf1 Nc6 7. h3 Bh5 8.
g4 Bg6 9. Nh4 Be4 10. f3 Qf6 11. d3 Bd5 12. Nc3 e6 13. Nxd5 exd5 14. Qe1+ Nge7
15. g5 Qd6 16. Nf5 Qc7 17. h4 O-O-O 18. Bh3 Nxf5 19. Bxf5+ Kb8 20. c3 Bd6 21.
Kg2 Rhe8 22. Qf2 g6 23. Bh3 Ne5 24. Rd1 c4 25. dxc4 dxc4 26. Be3 Nd3 27. Bxa7+
Ka8 28. Bb6 Nxf2 29. Bxc7 Nxd1 30. Bxd8 Ne3+ 31. Kf2 Bc5 32. b4 Ba7 0-1